[Event "Rated Blitz game"]
[Site "?"]
[Date "2021.06.30"]
[Round "?"]
[White "hmnotanatix"]
[Black "King_bg03"]
[Result "0-1"]
[WhiteElo "2421"]
[BlackElo "2576"]
[PlyCount "130"]
[EventDate "2021.??.??"]
[EventType "blitz"]

1. e4 e5 2. Nf3 d5 3. exd5 e4 4. Qe2 Nf6 5. c4 Bc5 6. d4 Bb4+ 7. Bd2 Qe7 8. Ne5
Bd6 9. f4 exf3 10. Nxf3 O-O 11. Qxe7 Bxe7 12. Bd3 c6 13. dxc6 Nxc6 14. d5 Nb4
15. Bxb4 Bxb4+ 16. Kd1 Ng4 17. Kc2 Nf2 18. Rf1 Nxd3 19. Kxd3 Bf5+ 20. Kd4 Rfe8
21. Nc3 b6 22. Na4 Re4+ 23. Kd3 Rae8 24. Kc2 Rxc4+ 25. Kb3 b5 26. Rac1 Bd3 27.
Rxc4 Bxc4+ 28. Kxb4 Bxf1 29. Nc5 Bxg2 30. Nd4 Bxd5 31. Nxb5 a5+ 32. Kxa5 Ra8+
33. Na6 Bxa2 34. b4 Bc4 35. Nbc7 Rd8 36. b5 Bxb5 37. Kxb5 Rd3 38. Kc4 Rh3 39.
Nd5 Rxh2 40. Nc5 h5 41. Kd4 h4 42. Ke3 Ra2 43. Nf4 h3 44. Nxh3 Ra3+ 45. Nd3 f6
46. Nhf2 g5 47. Ke4 Kf7 48. Kf5 Ra5+ 49. Kg4 Kg6 50. Kf3 f5 51. Nh3 g4+ 52. Kg3
gxh3 53. Nf4+ Kf6 54. Nh5+ Kg5 55. Ng7 Ra3+ 56. Kh2 Kh4 57. Nxf5+ Kg4 58. Nh6+
Kg5 59. Nf7+ Kh4 60. Ne5 Ra2+ 61. Kg1 Kg3 62. Nf3 Kxf3 63. Kh1 Kg3 64. Kg1 h2+
65. Kh1 Ra1# {Normal} 0-1

[Event "Rated Blitz game"]
[Site "?"]
[Date "2021.06.30"]
[Round "?"]
[White "mandarria"]
[Black "jflup"]
[Result "1-0"]
[WhiteElo "2421"]
[BlackElo "2503"]
[PlyCount "49"]
[EventDate "2021.??.??"]
[EventType "blitz"]

1. e4 e5 2. Nf3 d5 3. exd5 e4 4. Qe2 Nf6 5. d3 Qxd5 6. Nbd2 Be6 7. Nxe4 Nc6 8.
Nxf6+ gxf6 9. Bd2 O-O-O 10. Qe4 Qb5 11. Bc3 Bb4 12. Be2 f5 13. Qh4 Rhg8 14. O-O
Rg4 15. Qxh7 Rdg8 16. g3 Bxc3 17. bxc3 f4 18. Nd4 Nxd4 19. Bxg4 Rxg4 20. cxd4
f3 21. Rfe1 Rxd4 22. Re3 Rd8 23. Rae1 Bxa2 24. c4 Qc6 25. Qxf7 {Normal} 1-0

[Event "Rated Rapid tournament 6966Pyr7"]
[Site "?"]
[Date "2021.06.30"]
[Round "?"]
[White "Gapuak30"]
[Black "dr_xStranger"]
[Result "1-0"]
[WhiteElo "2506"]
[BlackElo "2514"]
[PlyCount "84"]
[EventDate "2021.??.??"]
[EventType "rapid"]

1. e4 e5 2. Nf3 d5 3. d3 dxe4 4. dxe4 Qxd1+ 5. Kxd1 Nc6 6. Bb5 Bg4 7. Bxc6+
bxc6 8. Be3 O-O-O+ 9. Nbd2 Nf6 10. Ke2 Bxf3+ 11. gxf3 Bd6 12. Nb3 Kb8 13. Rad1
Nd7 14. Na5 Rde8 15. Nxc6+ Kb7 16. Na5+ Ka6 17. Nb3 Re6 18. Rd5 Nb6 19. Ra5+
Kb7 20. Nd2 g6 21. a3 f5 22. Bxb6 axb6 23. Rd5 Rf8 24. Rd1 Ref6 25. exf5 gxf5
26. Nc4 Kc6 27. b4 b5 28. Na5+ Kb6 29. c4 bxc4 30. Nxc4+ Kc6 31. b5+ Kd7 32.
Nxe5+ Ke6 33. f4 Ra8 34. b6 Rxa3 35. Nc4 Ra2+ 36. Kf3 Rc2 37. b7 Rc3+ 38. Ke2
Rf8 39. Nxd6 cxd6 40. Rxd6+ Kf7 41. Rd8 Rb3 42. Rxf8+ Kg7 {Normal} 1-0

[Event "Rated Blitz game"]
[Site "?"]
[Date "2021.06.30"]
[Round "?"]
[White "GreyShark67"]
[Black "annaly1979"]
[Result "0-1"]
[WhiteElo "2423"]
[BlackElo "2399"]
[PlyCount "78"]
[EventDate "2021.??.??"]
[EventType "blitz"]

1. e4 e5 2. Nf3 d5 3. Nxe5 Qe7 4. d4 f6 5. Nf3 dxe4 6. Be2 f5 7. Nfd2 Nf6 8.
O-O Nc6 9. Nb3 Be6 10. c4 Bf7 11. Nc3 O-O-O 12. Be3 Qd7 13. Qc2 Bd6 14. c5 Be7
15. Rad1 Nb4 16. Qb1 Nbd5 17. Nxd5 Nxd5 18. Qc1 g5 19. f3 f4 20. Bf2 e3 21. Be1
h5 22. Bc3 g4 23. Qc2 Rhg8 24. Kh1 Bg6 25. Bd3 Bxd3 26. Qxd3 gxf3 27. Rxf3 Qg4
28. Rg1 Rg5 29. Qe2 Rdg8 30. Na5 Nf6 31. Be1 Ne4 32. c6 b6 33. Qa6+ Kd8 34.
Nb7+ Ke8 35. Qe2 h4 36. h3 Qf5 37. Bxh4 Rh5 38. Rxf4 Rxh4 39. Rxe4 Qxe4 {Normal
} 0-1

[Event "Rated Rapid game"]
[Site "?"]
[Date "2021.06.30"]
[Round "?"]
[White "Genialny_zolw"]
[Black "NoName-Master"]
[Result "1-0"]
[WhiteElo "2491"]
[BlackElo "2499"]
[PlyCount "112"]
[EventDate "2021.??.??"]
[EventType "rapid"]

1. e4 e5 2. Nf3 d5 3. exd5 e4 4. Qe2 Nf6 5. d3 Qxd5 6. Nbd2 Bf5 7. Nxe4 Nxe4 8.
dxe4 Qxe4 9. Bf4 Nc6 10. Bxc7 Bc5 11. c3 O-O 12. Qxe4 Bxe4 13. Be2 Rfe8 14. O-O
Rac8 15. Bf4 Ne7 16. Bb5 Red8 17. Ng5 Bg6 18. Rad1 Nd5 19. Bg3 Ne3 20. Rxd8+
Rxd8 21. Re1 Nc2 22. Re8+ Rxe8 23. Bxe8 Ne1 24. b4 Be7 25. f4 h6 26. Nxf7 Nf3+
27. gxf3 Bxf7 28. Bxf7+ Kxf7 29. Kf2 Ke6 30. Ke3 Kd5 31. Kd3 b5 32. f5 Bf6 33.
h3 Be7 34. Bb8 a6 35. Bc7 Bf6 36. Bb6 Be5 37. Bd4 Bf6 38. Bxf6 gxf6 39. h4 Ke5
40. c4 Kxf5 41. c5 Ke5 42. Ke3 f5 43. h5 f4+ 44. Kd3 Kd5 45. a3 Ke5 46. Ke2 Ke6
47. Kf2 Kd5 48. Kg2 a5 49. Kh3 a4 50. Kg4 Ke5 51. Kh4 Kd5 52. Kh3 Ke6 53. Kg4
Ke5 54. c6 Kd6 55. Kxf4 Kxc6 56. Ke5 Kd7 {Normal} 1-0

[Event "Rated Blitz game"]
[Site "?"]
[Date "2021.06.30"]
[Round "?"]
[White "SutorminDA"]
[Black "tacticsforever2800"]
[Result "0-1"]
[WhiteElo "2552"]
[BlackElo "2427"]
[PlyCount "130"]
[EventDate "2021.??.??"]
[EventType "blitz"]

1. e4 e5 2. Nf3 d5 3. Nxe5 Bd6 4. d4 dxe4 5. Bc4 Bxe5 6. dxe5 Qxd1+ 7. Kxd1 Nc6
8. Bf4 Bg4+ 9. Kc1 O-O-O 10. Nd2 Nge7 11. Bxf7 Rhf8 12. e6 Nd4 13. Be5 Nxe6 14.
Bxe6+ Bxe6 15. Nxe4 Bd5 16. Nc3 Rxf2 17. Re1 Rxg2 18. b3 Nc6 19. Bg3 Nb4 20.
Re2 Rxe2 21. Nxe2 Be4 22. Kb2 Rd2 23. Nc3 Rxc2+ 24. Ka3 Rxc3 25. Kxb4 Rc2 26.
Re1 Bg6 27. a4 a6 28. Re7 b6 29. a5 Kb7 30. axb6 Kxb6 31. Rxg7 a5+ 32. Ka3 c6
33. Re7 Ka6 34. Re5 Bf7 35. Re7 Bd5 36. Re3 Rc1 37. Bd6 Rb1 38. Rh3 Kb5 39. Ka2
Rf1 40. Rxh7 Rf2+ 41. Ka3 Rf3 42. Rb7+ Ka6 43. Rb8 Ka7 44. Be5 Re3 45. Bd6 Re4
46. Bg3 Ka6 47. Rg8 Re3 48. Rg5 Rxb3+ 49. Ka2 Rb7+ 50. Ka1 Rb3 51. Rg7 Ra3+ 52.
Kb2 Rb3+ 53. Kc1 Kb5 54. Bf4 Kc4 55. Bd2 Rd3 56. Rg4+ Kb5 57. Rg3 Rd4 58. Rg4
Rc4+ 59. Rxc4 Bxc4 60. Kd1 Bd5 61. Bc3 Be6 62. Bb2 Bf5 63. Ba1 Bg4+ 64. Kd2 Bh3
65. Kc3 Be6 {Time forfeit} 0-1

[Event "Rated Blitz tournament ZbG3s2ae"]
[Site "?"]
[Date "2021.06.30"]
[Round "?"]
[White "ChessFreakRico"]
[Black "enmQ"]
[Result "0-1"]
[WhiteElo "2264"]
[BlackElo "2772"]
[PlyCount "124"]
[EventDate "2021.??.??"]
[EventType "blitz"]

1. e4 e5 2. Nf3 d5 3. exd5 e4 4. Qe2 Nf6 5. d3 Qxd5 6. dxe4 Qxe4 7. Qxe4+ Nxe4
8. Nbd2 Nxd2 9. Nxd2 Bd7 10. Bd3 Nc6 11. O-O O-O-O 12. Bb5 a6 13. Ba4 h6 14.
Nf3 Bc5 15. Be3 Bxe3 16. fxe3 Rhe8 17. Kf2 f6 18. Rad1 Ne5 19. Nxe5 Bxa4 20.
Rxd8+ Kxd8 21. Rd1+ Kc8 22. Nc4 Re4 23. b3 Bc6 24. g3 b6 25. Rd4 Re7 26. a4 Be4
27. h4 Bxc2 28. Nd2 Rd7 29. Rxd7 Kxd7 30. Kf3 Kd6 31. Kf4 g5+ 32. hxg5 hxg5+
33. Kg4 Kc5 34. e4 Kb4 35. Kf5 Kc3 36. Nf3 c5 37. Kxf6 Bxe4 38. Nxg5 Bd5 39.
Ke5 Bxb3 40. Ne4+ Kb4 41. g4 Bd1 42. g5 Bh5 43. Kf6 c4 44. Ng3 c3 45. Nxh5 c2
46. g6 c1=Q 47. g7 Qh6+ 48. Ke7 Qxh5 49. g8=Q Qc5+ 50. Kd8 Qd4+ 51. Ke7 Kxa4
52. Qa2+ Kb5 53. Qe2+ Qc4 54. Qd1 a5 55. Qd7+ Ka6 56. Kf6 a4 57. Qe8 Ka5 58.
Qa8+ Kb4 59. Ke5 a3 60. Kd6 a2 61. Qb7 Qd4+ 62. Ke6 a1=Q {Time forfeit} 0-1

[Event "Rated Blitz game"]
[Site "?"]
[Date "2021.06.30"]
[Round "?"]
[White "OdinTheodor"]
[Black "Rikoboy"]
[Result "0-1"]
[WhiteElo "2350"]
[BlackElo "2423"]
[PlyCount "88"]
[EventDate "2021.??.??"]
[EventType "blitz"]

1. e4 e5 2. Nf3 d5 3. Nxe5 Bd6 4. d4 dxe4 5. Nc4 Nf6 6. Nxd6+ Qxd6 7. Be2 O-O
8. Be3 Nc6 9. O-O Bf5 10. c3 Rad8 11. Nd2 h6 12. h3 Rfe8 13. Nc4 Qd7 14. Qb3 b6
15. Kh2 Nd5 16. Qd1 Be6 17. Na3 f5 18. c4 Nxe3 19. fxe3 Qe7 20. Qe1 Nb4 21. Qc3
c5 22. d5 Bc8 23. Nc2 a5 24. a3 Nd3 25. Bxd3 exd3 26. Qxd3 Qe5+ 27. g3 Qxb2 28.
Rab1 Qf6 29. Rf3 Kh8 30. Rbf1 Qd6 31. h4 Re4 32. Kg2 Rde8 33. Rf4 Ba6 34. Rxe4
fxe4 35. Qc3 Rf8 36. Rxf8+ Qxf8 37. Ne1 Kh7 38. a4 Qf5 39. Qc2 h5 40. Qe2 Qxd5
41. Qb2 Qxc4 42. Qxb6 Qf1+ 43. Kh2 Qf2+ 44. Ng2 Bf1 {Normal} 0-1

[Event "Rated Blitz game"]
[Site "?"]
[Date "2021.06.30"]
[Round "?"]
[White "CryptoHyppo"]
[Black "batasjon"]
[Result "1-0"]
[WhiteElo "2522"]
[BlackElo "2369"]
[PlyCount "61"]
[EventDate "2021.??.??"]
[EventType "blitz"]

1. e4 e5 2. Nf3 d5 3. exd5 e4 4. Qe2 Nf6 5. d3 Qxd5 6. Nbd2 Nc6 7. Nxe4 Be6 8.
Nxf6+ gxf6 9. Qe4 Qxe4+ 10. dxe4 Nb4 11. Bd3 O-O-O 12. Ke2 Rg8 13. g3 Bg7 14.
a3 Nxd3 15. cxd3 Rge8 16. Be3 Bg4 17. Rad1 f5 18. h3 Bh5 19. exf5 f6 20. g4 Bf7
21. Nd2 h5 22. f3 Bd5 23. Ne4 Rh8 24. Rc1 Rde8 25. Bf4 Bc6 26. b4 a6 27. a4 Re7
28. Kf2 Rd8 29. b5 axb5 30. axb5 Bxe4 31. dxe4 {Normal} 1-0

[Event "Rated Blitz game"]
[Site "?"]
[Date "2021.06.30"]
[Round "?"]
[White "asa76"]
[Black "Razario90"]
[Result "0-1"]
[WhiteElo "2453"]
[BlackElo "2394"]
[PlyCount "98"]
[EventDate "2021.??.??"]
[EventType "blitz"]

1. e4 e5 2. Nf3 d5 3. Nxe5 Bd6 4. d4 dxe4 5. Nc4 Nf6 6. Nc3 O-O 7. Bg5 h6 8.
Bxf6 Qxf6 9. Ne3 Re8 10. Bc4 Nc6 11. Ncd5 Qxd4 12. Qxd4 Nxd4 13. O-O-O Nc6 14.
Rhe1 Bd7 15. Nc3 Rad8 16. Nb5 Be5 17. Nd5 Bg4 18. Rd2 Rc8 19. h3 Bf5 20. g4 Bg6
21. Kb1 a6 22. Nbc3 Bh2 23. f4 Bg3 24. Rg1 e3 25. Re2 Bf2 26. Rf1 Be4 27. Nxe3
Bxe3 28. Rxe3 Bxc2+ 29. Kxc2 Rxe3 30. Nd5 Rxh3 31. f5 Kf8 32. f6 g6 33. Re1
Nd4+ 34. Kb1 b5 35. Bb3 c5 36. Nb6 Rd8 37. a3 c4 38. Bd1 Re8 39. Rf1 Rh2 40.
Nd7+ Kg8 41. g5 hxg5 42. a4 b4 43. Kc1 c3 44. bxc3 bxc3 45. Rg1 c2 46. Bg4 Rc8
47. a5 Nb3+ 48. Kb2 c1=Q+ 49. Kxb3 Qxg1 {Normal} 0-1

[Event "Rated Blitz game"]
[Site "?"]
[Date "2021.06.30"]
[Round "?"]
[White "yapay_zeka00"]
[Black "artsportscience"]
[Result "1/2-1/2"]
[WhiteElo "2375"]
[BlackElo "2400"]
[PlyCount "71"]
[EventDate "2021.??.??"]
[EventType "blitz"]

1. e4 e5 2. Nf3 d5 3. d4 dxe4 4. Nxe5 Bd6 5. f4 exf3 6. Nxf3 Nf6 7. Nc3 O-O 8.
Be2 Bf5 9. O-O Bg6 10. Bg5 Nbd7 11. Bd3 Bxd3 12. Qxd3 c6 13. Rae1 Qc7 14. Kh1
Bf4 15. Ne4 Bxg5 16. Nfxg5 h6 17. Nxf6+ Nxf6 18. Rxf6 hxg5 19. Rf5 Rae8 20.
Ref1 f6 21. R5f3 Qe7 22. Rh3 Qe4 23. Qb3+ Rf7 24. c3 g4 25. Rh8+ Kxh8 26. Qxf7
Re7 27. Qh5+ Kg8 28. h3 gxh3 29. Qxh3 Qg6 30. Kg1 Re2 31. Qc8+ Kh7 32. Qh3+ Qh6
33. Qf5+ Qg6 34. Qh3+ Qh6 35. Qf5+ Qg6 36. Qh3+ {Normal} 1/2-1/2

[Event "Rated Blitz game"]
[Site "?"]
[Date "2021.06.30"]
[Round "?"]
[White "IDantesI"]
[Black "rofaidah"]
[Result "0-1"]
[WhiteElo "2379"]
[BlackElo "2401"]
[PlyCount "62"]
[EventDate "2021.??.??"]
[EventType "blitz"]

1. e4 e5 2. Nf3 d5 3. Nxe5 Qe7 4. d4 f6 5. Nd3 dxe4 6. Nf4 Bf5 7. Bc4 Nc6 8. c3
O-O-O 9. Qa4 Kb8 10. Be3 g5 11. Ne2 Bd7 12. d5 Nd4 13. Qd1 Nxe2 14. Qxe2 f5 15.
Bd4 Bg7 16. Nd2 Bxd4 17. cxd4 Nf6 18. Nb3 f4 19. O-O-O Rhe8 20. Nc5 Bg4 21. f3
exf3 22. Qxe7 Rxe7 23. Ne6 Bxe6 24. dxe6 fxg2 25. Rhg1 f3 26. d5 Ne4 27. Rd4
Rxe6 28. dxe6 Rxd4 29. e7 Rxc4+ 30. Kd1 Nd6 31. Re1 b6 {Time forfeit} 0-1

[Event "Rated Blitz game"]
[Site "?"]
[Date "2021.06.30"]
[Round "?"]
[White "pryanshumanishpatil"]
[Black "annaly1979"]
[Result "0-1"]
[WhiteElo "2418"]
[BlackElo "2410"]
[PlyCount "78"]
[EventDate "2021.??.??"]
[EventType "blitz"]

1. e4 e5 2. Nf3 d5 3. Nc3 dxe4 4. Nxe4 f5 5. Nc3 e4 6. Ng1 Bc5 7. d3 Nf6 8.
dxe4 Qxd1+ 9. Nxd1 Nxe4 10. Be3 Be6 11. Bxc5 Nxc5 12. Nf3 Nc6 13. Ne3 O-O-O 14.
Bc4 Bxc4 15. Nxc4 Nb4 16. O-O Nxc2 17. Rac1 Nb4 18. Ne3 Nbd3 19. Rc2 f4 20. Nc4
Rhe8 21. a3 h6 22. b4 Ne4 23. h3 g5 24. Nh2 h5 25. Nf3 g4 26. hxg4 hxg4 27.
Nfd2 Nxd2 28. Nxd2 Ne1 29. Ra2 Re2 30. Ra1 Nxg2 31. Nc4 f3 32. Rac1 Nf4 33. b5
g3 34. b6 axb6 35. Nxb6+ Kb8 36. Na4 Rh8 37. Nc3 Nh3+ 38. Kh1 Nxf2+ 39. Kg1
Rh1# {Normal} 0-1

[Event "Rated Blitz game"]
[Site "?"]
[Date "2021.06.30"]
[Round "?"]
[White "slave-trajkoski"]
[Black "rofaidah"]
[Result "0-1"]
[WhiteElo "2412"]
[BlackElo "2390"]
[PlyCount "140"]
[EventDate "2021.??.??"]
[EventType "blitz"]

1. e4 e5 2. Nf3 d5 3. d4 dxe4 4. Nxe5 Be6 5. Nc3 Nf6 6. Bg5 Be7 7. Bxf6 gxf6 8.
Nxe4 fxe5 9. dxe5 Qxd1+ 10. Rxd1 Nd7 11. f4 O-O-O 12. Bd3 Bf5 13. O-O Bxe4 14.
Bxe4 h6 15. Bf5 c6 16. Bg4 Kc7 17. Bh5 f6 18. e6 Nc5 19. f5 Rxd1 20. Rxd1 Rd8
21. Rxd8 Bxd8 22. Kf2 Kd6 23. Ke3 Ke5 24. Bg6 Be7 25. g4 Ne4 26. h4 Nd6 27. b3
Nc8 28. c4 c5 29. Kf3 Nd6 30. Ke3 b5 31. cxb5 Nxb5 32. Be8 Nc3 33. a4 Nd5+ 34.
Kf3 a5 35. Bc6 Nb4 36. Bb5 Nc2 37. Bc4 Nd4+ 38. Ke3 Bd6 39. h5 Be7 40. Kd3 Nf3
41. Ke3 Nd4 42. Kd3 Nc6 43. Ke3 Nb4 44. Kf3 Kd4 45. Kf4 Bd6+ 46. Kf3 Nd3 47. g5
fxg5 48. f6 Ne5+ 49. Ke2 Ng4 50. f7 Nf6 51. Kf3 Nxh5 52. Kg4 Ng7 53. Kf3 h5 54.
Kg2 g4 55. Kf2 h4 56. Kg2 h3+ 57. Kg1 g3 58. Bf1 h2+ 59. Kg2 Nxe6 60. Bc4 Ng5
61. Be2 Ke5 62. Bf3 Nxf7 63. Bc6 Ng5 64. Kxg3 Kd4+ 65. Kg2 Kc3 66. Kh1 Kxb3 67.
Bb5 Kb4 68. Bd3 Ne6 69. Bc2 Nd4 70. Bd3 Nb3 {Time forfeit} 0-1

[Event "Rated Blitz game"]
[Site "?"]
[Date "2021.06.30"]
[Round "?"]
[White "sergi0medina"]
[Black "batasjon"]
[Result "0-1"]
[WhiteElo "2404"]
[BlackElo "2350"]
[PlyCount "82"]
[EventDate "2021.??.??"]
[EventType "blitz"]

1. e4 e5 2. Nf3 d5 3. Nxe5 Bd6 4. d4 dxe4 5. Nc4 Nf6 6. Nc3 O-O 7. Bg5 Be7 8.
Qd2 Nc6 9. O-O-O Bg4 10. Be2 Bxe2 11. Nxe2 Qd5 12. b3 Rad8 13. h4 h6 14. Ne3
Qd6 15. Nf5 Qa3+ 16. Kb1 hxg5 17. Nxe7+ Qxe7 18. hxg5 Nh7 19. Qf4 Nxg5 20. Qh4
f6 21. Nf4 Kf7 22. d5 Rh8 23. Qg4 Ne5 24. Qe2 Qd6 25. Nh3 Ng6 26. Nxg5+ fxg5
27. Qxe4 Qf6 28. Qc4 Rd7 29. Rxh8 Nxh8 30. d6+ Qe6 31. Qd3 Rxd6 32. Qf3+ Kg6
33. Rxd6 cxd6 34. Qd3+ Kf7 35. Kb2 Ng6 36. Ka3 d5 37. Qc4 dxc4 38. bxc4 Qe2 39.
Kb3 Qxc2+ 40. Kxc2 Ke6 41. Kd1 Ke5 {Time forfeit} 0-1

[Event "Rated Blitz game"]
[Site "?"]
[Date "2021.06.30"]
[Round "?"]
[White "ussucc"]
[Black "Razario90"]
[Result "1-0"]
[WhiteElo "2362"]
[BlackElo "2440"]
[PlyCount "87"]
[EventDate "2021.??.??"]
[EventType "blitz"]

1. e4 e5 2. Nf3 d5 3. exd5 e4 4. Nd4 Qxd5 5. Ne2 Nf6 6. Nbc3 Qe5 7. Ng3 Bd6 8.
Bc4 h5 9. Qe2 O-O 10. Ngxe4 Nxe4 11. Qxe4 Qxe4+ 12. Nxe4 b5 13. Bb3 Re8 14. d3
c5 15. Bd5 Bd7 16. Bxa8 f5 17. Bd5+ Kh7 18. O-O fxe4 19. Bxe4+ Kh8 20. f4 c4
21. f5 Be5 22. c3 Nc6 23. Bxc6 Bxc6 24. d4 Bf6 25. Bf4 b4 26. Rae1 Rb8 27. Be5
Bxe5 28. dxe5 bxc3 29. bxc3 Rb2 30. Rf2 Rb8 31. e6 Kg8 32. f6 gxf6 33. Rxf6 Rb2
34. Rf2 Rb8 35. e7 Re8 36. Re6 Bd7 37. Re5 h4 38. Ree2 h3 39. Re5 hxg2 40. Rf4
Kg7 41. Re3 Kg6 42. Rf8 Kg7 43. Rg3+ Kh7 44. Rf4 {Time forfeit} 1-0

[Event "Rated Rapid tournament 6966Pyr7"]
[Site "?"]
[Date "2021.06.30"]
[Round "?"]
[White "onyongBKD"]
[Black "dr_xStranger"]
[Result "0-1"]
[WhiteElo "2632"]
[BlackElo "2514"]
[PlyCount "64"]
[EventDate "2021.??.??"]
[EventType "rapid"]

1. e4 e5 2. Nf3 d5 3. Nxe5 Bd6 4. d4 dxe4 5. Nc4 Nf6 6. Be2 O-O 7. O-O Nc6 8.
Nxd6 Qxd6 9. c3 Re8 10. Bg5 h6 11. Bh4 Bf5 12. Nd2 Rad8 13. Nc4 Qe7 14. Ne3 Bg6
15. Qb3 Na5 16. Qb5 b6 17. Nd5 Rxd5 18. Bxf6 Qe6 19. Qa4 gxf6 20. b4 Qc6 21. b5
Qd7 22. Rad1 Rg5 23. g3 Qh3 24. Rfe1 h5 25. Bf1 Qd7 26. c4 h4 27. c5 e3 28. f4
Rg4 29. Be2 hxg3 30. Bxg4 Qxg4 31. cxb6 gxh2+ 32. Kxh2 Kg7 {Normal} 0-1

[Event "Rated Rapid game"]
[Site "?"]
[Date "2021.06.30"]
[Round "?"]
[White "AndresDL21"]
[Black "hmai"]
[Result "1-0"]
[WhiteElo "2425"]
[BlackElo "2329"]
[PlyCount "59"]
[EventDate "2021.??.??"]
[EventType "rapid"]

1. e4 e5 2. Nf3 d5 3. exd5 e4 4. Qe2 Nf6 5. d3 Qxd5 6. dxe4 Qxe4 7. Nc3 Qxe2+
8. Bxe2 Bf5 9. Nd4 Bd7 10. Bf4 c6 11. O-O-O Be7 12. Rhe1 O-O 13. a3 Bc5 14. f3
h6 15. Bc4 Na6 16. Ne4 Nxe4 17. Rxe4 Rfe8 18. Nb3 Rxe4 19. fxe4 Bg4 20. Bxa6
Bxd1 21. Bxb7 Rd8 22. Nxc5 Be2 23. Bd2 Rb8 24. a4 g5 25. b4 Bf1 26. g3 Bg2 27.
Bxc6 a5 28. b5 Rc8 29. Bxa5 Bxe4 30. Nxe4 {Normal} 1-0

[Event "Rated Blitz game"]
[Site "?"]
[Date "2021.06.30"]
[Round "?"]
[White "dmartres"]
[Black "Razario90"]
[Result "1-0"]
[WhiteElo "2386"]
[BlackElo "2424"]
[PlyCount "79"]
[EventDate "2021.??.??"]
[EventType "blitz"]

1. e4 e5 2. Nf3 d5 3. Nxe5 Bd6 4. d4 dxe4 5. Nc4 Nf6 6. Nc3 O-O 7. Bg5 h6 8.
Bh4 Re8 9. Be2 Bf5 10. Ne3 Bh7 11. Ncd5 Nbd7 12. Qd2 g5 13. Nxf6+ Nxf6 14. Bg3
c5 15. O-O-O Bxg3 16. hxg3 cxd4 17. Qxd4 Qxd4 18. Rxd4 Kg7 19. c3 Rac8 20. Rhd1
Rc5 21. Rc4 Ra5 22. a3 Re7 23. Kc2 b6 24. Rc6 Rae5 25. Rdd6 Ng8 26. g4 Bg6 27.
g3 Rb7 28. Ba6 Rbe7 29. Bc8 Kf8 30. Bf5 Bxf5 31. Nxf5 R7e6 32. Rc8+ Re8 33. Rc7
R5e6 34. Rdd7 Ne7 35. Rxa7 Re5 36. Nd6 Rb8 37. Nc4 Re6 38. Ne3 Re8 39. Rdc7 Rd8
40. a4 {Time forfeit} 1-0

[Event "Rated Blitz game"]
[Site "?"]
[Date "2021.06.30"]
[Round "?"]
[White "OuroborosKGZ"]
[Black "Rischster"]
[Result "1-0"]
[WhiteElo "2513"]
[BlackElo "2471"]
[PlyCount "85"]
[EventDate "2021.??.??"]
[EventType "blitz"]

1. e4 e5 2. Nf3 d5 3. exd5 e4 4. Qe2 Qe7 5. Nd4 Nf6 6. Nc3 a6 7. d3 exd3 8.
Qxe7+ Bxe7 9. Bxd3 O-O 10. Bd2 Bc5 11. Be3 Ng4 12. O-O-O Nxe3 13. fxe3 Nd7 14.
Bf5 Nf6 15. Bxc8 Raxc8 16. e4 Rfe8 17. Rhe1 Bb4 18. e5 Bxc3 19. bxc3 Nxd5 20.
Kb2 Kf8 21. Nf3 Nf4 22. g3 Ne6 23. Nd4 Nc5 24. Nf3 Re7 25. Rd4 Rce8 26. Red1
Re6 27. Rh4 Kg8 28. Rhd4 g6 29. Rd8 Kf8 30. g4 Rb6+ 31. Kc1 Ne4 32. Rxe8+ Kxe8
33. Rd3 Rc6 34. Kb2 Rb6+ 35. Kc1 Rc6 36. a3 Rxc3 37. Rxc3 Nxc3 38. Ng5 h6 39.
Nf3 Ke7 40. Kd2 Nb5 41. a4 Na3 42. Kc3 Nb1+ 43. Kb2 {Time forfeit} 1-0

[Event "Rated Blitz game"]
[Site "?"]
[Date "2021.06.30"]
[Round "?"]
[White "gainzzz"]
[Black "KamranShirazi"]
[Result "0-1"]
[WhiteElo "2645"]
[BlackElo "2535"]
[PlyCount "26"]
[EventDate "2021.??.??"]
[EventType "blitz"]

1. e4 e5 2. Nf3 d5 3. exd5 e4 4. Qe2 Nf6 5. d3 Bb4+ 6. c3 O-O 7. dxe4 Bc5 8.
Bg5 c6 9. c4 Qa5+ 10. Nc3 Nbd7 11. a3 Re8 12. Nd2 Bd4 13. Qe3 Bxe3 {Normal} 0-1

[Event "Rated Blitz game"]
[Site "?"]
[Date "2021.06.30"]
[Round "?"]
[White "sstrb"]
[Black "annaly1979"]
[Result "0-1"]
[WhiteElo "2507"]
[BlackElo "2422"]
[PlyCount "60"]
[EventDate "2021.??.??"]
[EventType "blitz"]

1. e4 e5 2. Nf3 d5 3. Nxe5 Qe7 4. d4 f6 5. Nd3 Nc6 6. c3 Bf5 7. Be2 Bxe4 8. O-O
Qf7 9. Nc5 Bxc5 10. dxc5 Nge7 11. Nd2 Bf5 12. b4 O-O 13. Nf3 a6 14. Nd4 Rad8
15. Re1 Be4 16. Bf4 Ng6 17. Bg3 Rfe8 18. Nxc6 bxc6 19. Bxa6 f5 20. f3 f4 21.
Bf2 Bf5 22. Qd2 Qf6 23. Rxe8+ Rxe8 24. Re1 Rxe1+ 25. Qxe1 h6 26. Bd4 Qg5 27. a4
Nh4 28. Bf1 Nxf3+ 29. Kf2 Nxe1 30. Kxe1 Qh4+ {Normal} 0-1

[Event "Titled Tuesday 29th June"]
[Site "chess.com INT"]
[Date "2021.06.29"]
[Round "2"]
[White "Donatti, A.."]
[Black "Skatchkov, P.."]
[Result "0-1"]
[WhiteElo "2193"]
[BlackElo "2457"]
[PlyCount "44"]
[EventDate "2021.06.29"]

1. e4 e5 2. Nf3 d5 3. Nxe5 Bd6 4. d4 dxe4 5. Bc4 Bxe5 6. dxe5 Qxd1+ 7. Kxd1 Nc6
8. Bf4 Nge7 9. Bg3 Bf5 10. Nc3 Ng6 11. Re1 Ngxe5 12. Bb5 O-O-O+ 13. Kc1 a6 14.
Ba4 Rd4 15. Bb3 f6 16. Nd5 Re8 17. Ne3 Be6 18. Bxe6+ Rxe6 19. Nf5 Rc4 20. Nxg7
Rd6 21. Rd1 Nd4 22. Bxe5 Ne2+ 0-1

[Event "Rated Blitz tournament YfiNNPYk"]
[Site "?"]
[Date "2021.06.29"]
[Round "?"]
[White "ChessDonkey"]
[Black "saranoz"]
[Result "1-0"]
[WhiteElo "2440"]
[BlackElo "2368"]
[PlyCount "51"]
[EventDate "2021.??.??"]
[EventType "blitz"]

1. e4 e5 2. Nf3 d5 3. exd5 e4 4. Ne5 Qxd5 5. d4 exd3 6. Nxd3 Nf6 7. Nc3 Qe6+ 8.
Be2 Nc6 9. Be3 Bd7 10. O-O O-O-O 11. Re1 Bd6 12. Bf3 Ne5 13. Nxe5 Qxe5 14. g3
Qa5 15. a3 Bf5 16. Qe2 Rhe8 17. b4 Qe5 18. Nb5 a6 19. Nxd6+ Qxd6 20. Rad1 Qe6
21. Rxd8+ Rxd8 22. Qf1 Bh3 23. Qe2 h5 24. Bg5 Qxe2 25. Bxe2 Rd2 26. Bxd2 {
Normal} 1-0

[Event "Rated Blitz game"]
[Site "?"]
[Date "2021.06.29"]
[Round "?"]
[White "GambitoAzul"]
[Black "lavilaine"]
[Result "1-0"]
[WhiteElo "2536"]
[BlackElo "2383"]
[PlyCount "127"]
[EventDate "2021.??.??"]
[EventType "blitz"]

1. e4 e5 2. Nf3 d5 3. exd5 e4 4. Ne5 Qxd5 5. d4 exd3 6. Nxd3 Nc6 7. Nc3 Qa5 8.
Be2 Nf6 9. O-O Bf5 10. Re1 O-O-O 11. Bd2 Bc5 12. Nxc5 Qxc5 13. Qc1 Rhe8 14. Be3
Qe5 15. Bf3 Ng4 16. Bxg4 Bxg4 17. a4 Qh5 18. b4 Ne5 19. Bf4 Bf3 20. Bxe5 Rxe5
21. Qf4 Rf5 22. Qc4 Rg5 23. g3 Rd6 24. h4 Rg4 25. Qb5 Rxh4 26. Re8+ Rd8 27.
Rxd8+ Kxd8 28. Rd1+ Bxd1 29. gxh4 Qg4+ 30. Kf1 Qh3+ 31. Ke1 Qh1+ 32. Kd2 Bg4
33. Qg5+ f6 34. Qxg4 Qa1 35. Qd4+ Kc8 36. Nb5 Qxd4+ 37. Nxd4 a6 38. Nf5 Kb8 39.
Nxg7 Ka7 40. Ne6 a5 41. Nxc7 axb4 42. Nb5+ Kb6 43. Nd4 Ka5 44. Nb3+ Kxa4 45.
Nc5+ Ka3 46. Nxb7 Kb2 47. Nc5 b3 48. Nxb3 Ka3 49. Nd4 Kb4 50. Nf5 Kc5 51. Ng3
Kd4 52. c3+ Ke5 53. Kd3 f5 54. c4 f4 55. Ne2 f3 56. Nd4 Kf4 57. c5 Kg4 58. Nxf3
Kxf3 59. c6 Kxf2 60. c7 Kg3 61. c8=Q Kf4 62. Qg8 Ke5 63. Qxh7 Kd5 64. Qh5+ {
Time forfeit} 1-0

[Event "Rated Blitz game"]
[Site "?"]
[Date "2021.06.29"]
[Round "?"]
[White "GambitoAzul"]
[Black "KinzyabulatovRenat"]
[Result "1-0"]
[WhiteElo "2532"]
[BlackElo "2454"]
[PlyCount "93"]
[EventDate "2021.??.??"]
[EventType "blitz"]

1. e4 e5 2. Nf3 d5 3. Nxe5 Bd6 4. d4 dxe4 5. Nc3 Bxe5 6. dxe5 Qxd1+ 7. Kxd1 Nc6
8. Bb5 Bd7 9. Bf4 O-O-O 10. Kc1 Nge7 11. Bg3 Ng6 12. e6 fxe6 13. Nxe4 Nd4 14.
Bd3 Bc6 15. Re1 Nf5 16. Ng5 Nxg3 17. hxg3 Rdf8 18. f3 e5 19. Kd2 h6 20. Ne6 Rf6
21. Nxg7 Rg8 22. Nh5 Rd6 23. Kc3 a5 24. b3 b5 25. Rad1 b4+ 26. Kb2 a4 27. Bf5+
Kb7 28. bxa4 Bxa4 29. Be4+ Kb6 30. Rxd6+ cxd6 31. Nf6 Rg7 32. Nd5+ Kc5 33. Rc1
Bc6 34. Nf6 d5 35. Bd3 Ne7 36. Ng4 e4 37. Be2 h5 38. Ne3 Rxg3 39. c3 bxc3+ 40.
Rxc3+ Kd4 41. Nc2+ Ke5 42. fxe4 d4 43. Rxg3 Bxe4 44. Bd3 Bd5 45. Rh3 Bf7 46.
Rh4 Nf5 47. Re4+ {Time forfeit} 1-0